000 00667nam a2200205Ia 4500
003 OSt
005 20251126113007.0
008 210210b1998 xxu||||| |||| 00| 0 eng d
040 _cAL
041 _aKannada
082 _aT894.8 VENT
100 _aVENKATARAJA PUNIMCHATTAYA.
_dವೆಂಕಟರಾಜ ಪುಣಿಂಚತ್ತಾಯ
_9246846
245 _aTulu nade nudi.
_bತುಳು ನಡೆ ನುಡಿ
260 _aUdupi
_bGovinda Pai Samshodhana Kendra
_c1998
300 _a92
650 _aTulu Janapada Mogaviraru Tulunadu Adi Dravida Kola Bakudaru Sarparadhane
_9246847
690 _aTulu Miscellaneo
_9246848
906 _a0528
942 _2ddc
_cBK
999 _c101185
_d101185